000 01825nam a22003137a 4500
003 dpl
005 20080911114410.0
008 080911t xxu||||| |||| 00| 0 eng d
010 _aDVD-000636-638
024 _2A0989
_c499.00
035 _aDVD-000636-638
040 _aDPL
_cDPL
082 _aDVD / WINN
245 _aWinnie the Pooh :
_cWalt Disney Pictures Presents
_h[videorecording] (DVD)/
_bA Very Merry Pooh Year
260 _aBurbank, CA
_bWalt Disney Home Entertainment
300 _a1 videodiscs (64 min.):
_bsd., col.;
_c4 3/4 in.
_fDVD
440 _aWalt Disney Classics
500 _aSole Distributor in India M/s Excel Productions Audio Visuals Pvt. Ltd.
500 _aSpecial Features: Featuring 4 New Holiday Songs Bonus Features: Disney's Song Selection, Sing Along With The Movie, Enchanted Environment
500 _aA Brand New Full Length Adventure
538 _aDolby Digital 2.0-English,Mandarin Subtitles-English, Chinese
538 _aAspect Ratio:1.33.1, Presentation Type: Full Frame, Presentation Size 4x3, Formation: DVD 9- Dual Layer Single sided Disc,
650 _2Animated Movie
942 _2ddc
_cCF
_hDVD
_mWINN
999 _c15781
_d15781